El populismo latinoamericano: entre la democratización y el autoritarismo /
Պահպանված է:
| Հիմնական հեղինակ: | |
|---|---|
| Ձևաչափ: | Տեքստ |
| Ցուցիչներ: |
Ավելացրեք ցուցիչ
Չկան պիտակներ, Եղեք առաջինը, ով նշում է այս գրառումը!
|
MARC
| LEADER | 00000 a a2200000 04500 | ||
|---|---|---|---|
| 001 | 47133 | ||
| 003 | |||
| 040 | |||
| 100 | |a Torre, Carlos de la | ||
| 245 | |a El populismo latinoamericano: |b entre la democratización y el autoritarismo / |c Carlos de la Torre | ||
| 773 | |g número247, (2013), páginas 120-137 | ||
| 999 | |c 23568 |d 23568 | ||
